000 00673nam a2200253Ia 4500
003 OSt
005 20221007100930.0
006 a|||||r|||| 00| 0
007 ta
008 221006b |||||||| |||| 00| 0 eng d
024 _a5,473
037 _cTextual
040 _aLCO
_cLCO
_beng
041 _2eng
_aeng
082 _aW61,3:3.3, L0;1
100 _aBARKER
_9106790
245 0 _aMember of Parliament & his infomation.
260 _aLondon
_bGeorge Allen Ltd.
_c1970
300 _a443
650 _aMEMBER OF PARLIAMENT
_9702307
700 _a RUSH
_9702308
942 _hW61,3:3.3, L0;1
_cTEXL
999 _c1175036
_d1175036